Statystyki dla Główne źródła importu każdego kraju świata

Kliknij tutaj aby rozwiązać quiz!

Ogólne statystyki

  • Ten quiz został rozwiązany 648 razy
  • Średni wynik to 165 z 194

Statystyki odpowiedzi

PaństwoNaj źródło importu% Poprawnych
Australia | Benin | Gambia | +8 othersChiny
99%
Austria | Czechy | Dania | +20 othersNiemcy
98%
Armenia | Azerbejdżan | Białoruś | +12 othersRosja
97%
Argentyna | BoliwiaBrazylia
96%
Algieria | Burkina Faso | Czad | +13 othersFrancja
96%
Andora | Kuba | PortugaliaHiszpania
95%
Afganistan | Chiny | Dominika | +7 othersJaponia
94%
Stany ZjednoczoneKanada
93%
Bangladesz | Bhutan | Nepal | Sri LankaIndie
91%
IrlandiaWielka Brytania
91%
Albania | Chorwacja | Erytrea | +5 othersWłochy
91%
Kiribati | Nauru | Nowa Zelandia | +4 othersAustralia
90%
Antigua i Barbuda | Arabia Saudyjska | Bahamy | +32 othersStany Zjednoczone
90%
Chile | UrugwajArgentyna
88%
D. R. Konga | Lesotho | Malawi | +6 othersPołudniowa Afryka
86%
Bahrajn | Burundi | Dżibuti | +4 othersArabia Saudyjska
84%
NorwegiaSzwecja
84%
Irak | SyriaTurcja
83%
CyprGrecja
78%
BelgiaHolandia
76%
Timor WschodniIndonezja
76%
CzarnogóraSerbia
74%
EstoniaFinlandia
73%
Republika Zielonego Przylądka | W-y Św. Tomasza i KsiążęcaPortugalia
72%
LuksemburgBelgia
70%
Angola | Liberia | PalauKorea Południowa
70%
MołdawiaUkraina
69%
Samoa | TongaNowa Zelandia
65%
Bośnia i HercegowinaChorwacja
64%
Kambodża | LaosTajlandia
60%
Ghana | KamerunNigeria
55%
Brunei | SingapurMalezja
49%
Iran | Jemen | Kenia | +2 othersZ. E. Arabskie
44%
Rwanda | UgandaKenia
41%
Gwinea Bissau | MaliSenegal
35%
Birma | Fidżi | MalediwySingapur
32%
KosowoMacedonia
30%
Sierra LeoneWybrzeże Kości Słoniowej
17%
SomaliaDżibuti
6%
GujanaTrynidad i Tobago
4%

Rozkład punktacji

Percentyl według liczby udzielonych odpowiedzi

Procent ludzi z każdym wynikiem

Twoja historia wyników

Nie rozwiązałeś tego quizu